000 00632nam a2200193Ia 4500
008 151119s9999||||xx |||||||||||||| ||und||
082 _a920.7
082 _bGKKV5718
100 _aकवी माधवी
245 _aस्त्री सागरातील अनमोल मोती
260 _a--
260 _b--
260 _c1992
600 _aकवी माधवी
630 _aस्त्री सागरातील अनमोल मोती
700 _aकवी माधवी
730 _aस्त्री सागरातील अनमोल मोती
942 _cBOOK
999 _c1060703
_d1060700